Acerca de las ventajas comparadas de sistemas de "Crawling-Peg" activo y pasivo en la economía pequeña (Registro nro. 24885)
[ vista simple ]
| 000 -LEADER | |
|---|---|
| fixed length control field | 00432 a2200121 4500 |
| 001 - CONTROL NUMBER | |
| control field | ART_23819 |
| 005 - DATE AND TIME OF LATEST TRANSACTION | |
| control field | 20260410161850.0 |
| 008 - FIXED-LENGTH DATA ELEMENTS--GENERAL INFORMATION | |
| fixed length control field | 260409a |
| 100 1# - MAIN ENTRY--PERSONAL NAME | |
| Personal name | Martirena-Mantel, Ana María |
| 245 10 - TITLE STATEMENT | |
| Title | Acerca de las ventajas comparadas de sistemas de "Crawling-Peg" activo y pasivo en la economía pequeña |
| 700 1# - ADDED ENTRY--PERSONAL NAME | |
| Personal name | Mantel, Rolf R. |
| 773 0# - HOST ITEM ENTRY | |
| Title | Económica |
| Related parts | - Año XXXI, Nº 2/3 (mayo/dic. 1985) |
| Record control number | REV7541 |
No hay ítems disponibles.